In Graffiti we Trust : věnováno všem budoucím králům

Salvato in:
Dettagli Bibliografici
Autore principale: Overstreet, Martina (Autore)
Natura: Libro
Lingua:ceco
Pubblicazione: Praha : Mladá fronta, 2006
Soggetti:
Tags: Aggiungi Tag
Nessun Tag, puoi essere il primo ad aggiungerne!!

MARC

LEADER 00000nam a22000003a 4500
001 stu125483
005 20150617225856.5
008 060905s2006------------------------cze-d
020 |a 80-204-1325-1 
040 |a STU  |b slo 
041 0 |a cze 
100 1 |a Overstreet, Martina  |4 aut 
245 1 |a In Graffiti we Trust :  |b věnováno všem budoucím králům 
260 |a Praha :  |b Mladá fronta,  |c 2006 
300 |a 230 s 
650 7 |a graffiti  |2 stusub 
650 7 |a voľné výtvarné umenie  |2 stusub 
996 |b 284AU03119  |c A*4756 U  |l AAKNAR  |s A  |a 24  |w stu125483_0001